Flags with the Union Jack - Statistics

General Stats
  • This quiz has been taken 936 times
  • The average score is 18 of 33
Answer Stats
Picture Hint Answer % Correct
Sovereign Nation Australia
99%
Sovereign Nation New Zealand
99%
Sovereign Nation United Kingdom
98%
Sovereign Nation Fiji
95%
Sovereign Nation Tuvalu
87%
British Overseas Territory British Virgin Islands
67%
Australian State New South Wales
67%
British Overseas Territory Bermuda
66%
Canadian Province British Columbia
66%
U.S. State Hawaii
65%
British Overseas Territory Falkland Islands
64%
Australian State Tasmania
63%
Australian State Queensland
62%
Australian State Western Australia
62%
Territory Under the Realm of New Zealand Cook Islands
60%
Australian State Victoria
60%
Canadian Province Ontario
59%
Australian State South Australia
53%
Canadian Province Manitoba
52%
Territory Under the Realm of New Zealand Niue
52%
British Overseas Territory Cayman Islands
47%
British Overseas Territory Anguilla
45%
British Overseas Territory Turks and Caicos Islands
43%
British Overseas Territory Montserrat
42%
British Overseas Territory Saint Helena
42%
British Overseas Territory British Antarctic Territory
38%
British Overseas Territory British Indian Ocean Territory
36%
British Overseas Territory Pitcairn Islands
34%
British Overseas Territory South Georgia and the South Sandwich Islands
34%
British Overseas Territory Ascension Island
25%
British Overseas Territory Tristan da Cunha
24%
British Overseas Territory Akrotiri and Dhekelia
12%
Territory Under the Realm of New Zealand Ross Dependency
9%
No matching quizzes found
Score Distribution
Percent of People with Each Score
Percentile by Number Answered
Your Score History
You have not taken this quiz